| 000 | 00643nam a22001697a 4500 | ||
|---|---|---|---|
| 003 | OSt | ||
| 005 | 20171010095534.0 | ||
| 008 | 121008t xxu||||| |||| 00| 0 eng d | ||
| 040 |
_aMMSU _cULS |
||
| 100 |
_aBartolome, May-Anne T., et al. _913191 |
||
| 245 |
_aSurveillance camera system for security purposes at 365 center mall San Nicolas, Ilocos Norte _cBartolome, May-Anne T., et al. |
||
| 260 | _c2007 | ||
| 300 |
_ax, 107 leaves _c28 cm. |
||
| 500 | _aThesis (BS in Electronics & Communications Engineering) -- Mariano Marcos State University, College of Engineering, Batac City | ||
| 504 | _aBibliography: None | ||
| 942 |
_2ddc _cTHEDIS |
||
| 999 |
_c9825 _d9825 |
||